Statistics for Famous People Born in New York

Click here to take the quiz!

General Stats

  • This quiz has been taken 132 times
  • The average score is 30 of 118

Answer Stats

DescriptionFamous PersonBirth City% Correct
Star of Madagascar and Night at the MuseumBen StillerNew York
71%
Singer of Piano Man and We Didn't Start the FireBilly JoelBronx
59%
Comedienne of I Love LucyLucille BallJamestown
56%
45th and current presidentDonald TrumpNew York
54%
Pop star of All I Want for Christmas is YouMariah CareyHuntington
54%
Singer of Sweet CarolineNeil DiamondBrooklyn
54%
Star of Raging Bull and Shark TaleRobert De NiroNew York
54%
Annie Hall director, Antz actorWoody AllenNew York
54%
Actor as Kevin in Home AloneMacaulay CulkinNew York
51%
CEO and founder of FacebookMark ZuckerbergWhite Plains
51%
Ear-biter boxerMike TysonBrooklyn
51%
Star of Iron Man and Sherlock HolmesRobert Downey Jr.New York
51%
Pop star of Genie in a BottleChristina AguileraStaten Island
49%
Singer of Poker Face and Bad RomanceLady GagaManhattan
49%
Wife of the 40th presidentNancy ReaganNew York
49%
Actor of Happy Gilmore and Hotel TransylvaniaAdam SandlerBrooklyn
46%
Host of The Tonight Show (1992-2014)Jay LenoNew Rochelle
44%
Child star of The Parent Trap and Freaky FridayLindsay LohanBronx
44%
Creator of Marvel ComicsStan LeeNew York
44%
Wife of the 41st presidentBarbara BushQueens
41%
Star of Two and a Half Men and Major LeagueCharlie SheenNew York
41%
Paralyzed Superman actorChristopher ReeveNew York
41%
Comedian as Donkey in ShrekEddie MurphyBrooklyn
41%
32nd presidentFranklin D. RooseveltHyde Park
41%
Current host of The Tonight ShowJimmy FallonBrooklyn
41%
Greatest basketball player of all time, star of Space JamMichael JordanBrooklyn
41%
Actor of Antz and RamboSylvester StalloneNew York
41%
26th presidentTheodore RooseveltNew York
41%
Late actor of Capote and The Hunger GamesPhilip Seymour HoffmanFairport
39%
The Candy Man singerSammy Davis Jr.Harlem
39%
The Way we Were actress/singerBarbra StreisandBrooklyn
37%
Star of Vacation, SNL and CaddyshackChevy ChaseManhattan
37%
Wife of the 35th presidentJacqueline Kennedy OnassisSouthampton
37%
Actress of Barbarella and KluteJane FondaNew York
37%
Anaconda and Selena actressJennifer LopezBronx
37%
Star of Bee MovieJerry SeinfeldBrooklyn
37%
Actress of a bug's life and PlanesJulia Louis-DreyfusNew York
37%
Singer of Girl on FireAlicia KeysManhattan
34%
Anchor of CNN 360Anderson CooperManhattan
34%
Senator of VT since 2007Bernie SandersNew York
34%
Former host of The Daily Show (1999-2015)Jon StewartNew York
34%
Star of Alien and WALL-ESigourney WeaverManhattan
34%
Star of The Mighty Ducks and The Breakfast ClubEmilio EstevezStaten Island
32%
Author of Moby DickHerman MelvilleNew York
32%
8th presidentMartin Van BurenKinderhook
32%
Actress of Dead Man Walking and Thelma & LouiseSusan SarandonNew York
32%
Actress of Ugly Betty and Soul FoodVanessa WilliamsBronx
32%
Actor of The Boss Baby and Madagascar 2Alec BaldwinAmityville
29%
Actress of The Princess Diaries and RioAnne HathawayNew York
29%
Actor of The Godfather and ElfJames CaanBronx
29%
13th presidentMillard FillmoreMoravia
29%
Weatherman of NBC's TodayAl RokerQueens
27%
Author of Charlotte's WebE.B. WhiteMount Vernon
27%
Seven dirty little words comedianGeorge CarlinManhattan
27%
Actress as Arwen in The Lord of the RingsLiv TylerNew York
27%
Star of own show (1970-1977)Mary Tyler MooreBrooklyn
27%
Director of Young FrankensteinMel BrooksBrooklyn
27%
Comedian star of CaddyshackRodney DangerfieldDeer Park
27%
Sirius radio host since 2006Howard SternQueens
24%
Director of Taxi Driver and Raging BullMartin ScorseseNew York
24%
Actor as the Cowardly Lion in The Wizard of OzBert LahrNew York
22%
Host of Today from 1997-2017Matt LauerNew York
22%
Star of The Goodbye Girl and Mr. Holland's OpusRichard DreyfussBrooklyn
22%
Comedian as Mike in Monsters IncBilly CrystalManhattan
20%
Current anchor of ABC World NewsDavid MuirSyracuse
20%
Actress of Unfaithful and Inside OutDiane LaneNew York
20%
Simpsons actor as Moe, Chief Wiggum, etcHank AzariaQueens
20%
Actress of The Miracle Worker and AntzAnne BancroftBronx
17%
Voice of Elsa in FrozenIdina MenzelQueens
17%
Host of a live show on ABCJimmy KimmelBrooklyn
17%
Actress of Cars 3 and ScandalKerry WashingtonBronx
17%
Actress as Rebecca in Full HouseLori LoughlinQueens
17%
Actor best known as Manny in Ice AgeRay RomanoQueens
17%
Large New England Patriots playerRob GronkowskiAmherst
17%
Star of Lost in Translation and SingScarlett JohanssonNew York
17%
Star of A Few Good Men and Home on the RangeCuba Gooding Jr.Bronx
15%
Comedian with cigar smoke punctuationGeorge BurnsNew York
15%
Live host on CNN (1985-2010)Larry KingBrooklyn
15%
Star of show 1996-2002 and TarzanRosie O'DonnellCommack
15%
Actress as Daphne in live Scooby Doo filmSarah Michelle GellarNew York
15%
Actor as Nick in ZootopiaJason BatemanRye
12%
Host of her own show (1989-1993)Joan RiversBrooklyn
12%
Actor as Farquaad in ShrekJohn LithgowRochester
12%
Star of Barnyard and Hotel TransylvaniaKevin JamesMineola
12%
Star of Chicken Run and PocahontasMel GibsonPeekskill
12%
Star of Casper and Independence DayBill PullmanHornell
10%
Star of a bug's life and Treasure PlanetDavid Hyde PierceSaratoga Springs
10%
Actor best known as Melman in MadagascarDavid SchwimmerQueens
10%
Late comedian as Mr. Potato HeadDon RicklesNew York
10%
Actress as Mrs. Potato HeadEstelle HarrisManhattan
10%
Director of Pretty WomanGarry MarshallBronx
10%
Frosty the Snowman voice with big noseJimmy DuranteManhattan
10%
Actress as Jessie in Toy StoryJoan CusackNew York
10%
Star of a bug's life and Toy Story 2Jonathan HarrisBronx
10%
Cartoon artist of Scooby-Doo, etc.Joseph BarberaManhattan
10%
Star of Crash and You Me and DupreeMatt DillonNew Rochelle
10%
Actor of Pete's Dragon and Night at the MuseumMickey RooneyBrooklyn
10%
Actor of Tarzan and Toy Story 2Wayne KnightNew York
10%
Actor as Blu in RioJesse EisenbergQueens
7%
Actress as Viper in Kung Fu PandaLucy LiuQueens
7%
Actor of The Lion King and Bee MovieMatthew BroderickManhattan
7%
Actor as Gordon on Sesame StreetRoscoe OrmanBronx
7%
Actress of The Lion King and Toy Story 3Whoopi GoldbergNew York
7%
Late singer of Age Ain't Nothing but a NumberAaliyahBrooklyn
5%
Star of The Sting and The Muppet MovieCharles DurningHighland Falls
5%
Star of Antz and Pulp FictionChristopher WalkenQueens
5%
Star of The Flintstones and Finding NemoElizabeth PerkinsQueens
5%
Go-to critic for major film studiosLeonard MaltinNew York
5%
Voice of Bobby in King of the HillPamela AdlonAlbany
5%
Actor of Monsters Inc and The Boss BabySteve BuscemiBrooklyn
5%
Voice of SpongeBobTom KennySyracuse
5%
Singer of The Beat of my HeartTony BennettQueens
5%
Actor as Rex in Toy StoryWallace ShawnNew York
5%
Co-founder of Blue Sky StudiosChris WedgeBinghamton
2%
Star of many Don Bluth filmsDom DeLuiseBrooklyn
2%
Actress as Dot in a bug's lifeHayden PanettierePalisades
2%
Actress of How to Train Your Dragon and Despicable MeKristen WiigCanandaigua
2%
Original voice of TiggerPaul WinchellNew York
2%

Score Distribution

Percentile by Number Answered

Percent of People with Each Score

Your Score History

You have not taken this quiz